01667nam a2200193Ia 4500008004100000020001500041050002200056100002900078240007000107245011700177250001200294260004300306300003700349500007300386500004600459505087500505650004801380700004501428120626s1999 mx 000 0 spa d a9687529830 aHA29 bP3418 1999 aPagano, Robert R.dautor10aUnderstanding statistics in the behavioral sciences. lEspañol  aEstadística para las ciencias del comportamientoc / Robert R. Pagano; traductor Oscar Alfredo Palmas Velasco a5a. ed. aMexicob: International Thomsonc1999 a548 páginas b: ilustraciones  ade: Understanding statistics in the behavioral sciences, 5th edition aIncluye: Apéndices, Glosario e Índice aLa estadística y el método científico Conceptos matemáticos y de medición básicos Distribuciones de frecuencia Medidas de tendencia central y variabilidad La curva normal y los puntajes estándar Correlación Regresión lineal Muestreo aleatorio y probabilidad Distribución binomial Introducción a la prueba de hipótesis mediante la prueba del signo Prueba U de Mann Whitney Distribuciones muestrales, distribución muestral de la medida, la prueba (z) de la desviación normalizada Prueba t de student para una muestra Prueba t de student para grupos correlacionados e independiente Introducción al análisis de varianza Comparaciones múltiples Introducción al análisis de la varianza de dos vías de dos factores Ji-cuadrada y otras pruebas no paramétricas Repaso de estadística inferencial  aCIENCIAS SOCIALESxMÉTODOS ESTADÍSTICOS aPalmas Velasco, Oscar Alfredoctraductor